{"text_format":"3","workbook":"xlsx","n_sheets":2,"sheets":["Table 1","Table 2"],"not_rendered":{"images":21},"read":"whole","date_system":"1900"}

{"sheet":"Table 1","index":0,"n_rows":28,"n_cols":13,"rows_kept":28,"merged":[[0,0,0,1],[0,2,0,3],[0,4,0,13],[1,1,1,2],[1,5,1,6],[1,9,1,10],[1,11,1,12],[2,1,2,2],[2,5,2,6],[2,9,2,10],[3,1,3,2],[3,5,3,6],[3,9,3,10],[3,11,3,12],[4,1,4,2],[4,5,4,6],[4,9,4,10],[5,1,5,2],[5,5,5,6],[5,9,5,10],[6,1,6,2],[6,4,6,7],[6,9,6,10],[6,11,6,12],[7,1,7,2],[7,4,7,7],[7,9,7,10],[8,1,8,2],[8,5,8,6],[9,1,9,2],[9,4,9,7],[9,9,9,10],[10,1,10,2],[10,5,10,6],[10,9,10,10],[11,1,11,2],[11,5,11,6],[12,1,12,2],[12,5,12,6],[12,9,12,10],[13,1,13,2],[13,5,13,6],[13,9,13,10],[13,11,13,12],[14,1,14,2],[14,5,14,6],[14,9,14,10],[14,11,14,12],[15,1,15,2],[15,5,15,6],[15,9,15,10],[15,11,15,12],[16,1,16,2],[16,5,16,6],[16,9,16,10],[17,1,17,2],[17,5,17,6],[17,9,17,10],[18,1,18,2],[18,4,18,7],[18,9,18,10],[18,11,18,12],[19,1,19,2],[19,5,19,6],[19,9,19,10],[19,11,19,12],[20,1,20,2],[20,5,20,6],[20,9,20,10],[20,11,20,12],[21,1,21,2],[21,5,21,6],[21,9,21,10],[22,1,22,2],[22,4,22,7],[22,9,22,10],[23,1,23,2],[23,5,23,6],[24,1,24,2],[24,4,24,7],[24,9,24,10],[24,11,24,12],[25,1,25,2],[25,4,25,7],[25,9,25,10],[25,11,25,12],[26,1,26,2],[26,4,26,7],[26,9,26,10],[26,11,26,12],[27,0,27,5],[27,6,27,13]]}
["HOSPITAL HONDO VALLE\nAŁMACEN DE MATERIALES DE LIMPIMA MES DE OCTUBRE",null,"ACO 2025",null,"INFORME MENSUAL"]
[null,"UNIDAD DE MEOJDA",null,"cXisTzNcix\nMTg |","ENTRADA","ExisrEucfn\nri  xr",null,"ToTc£\nconsuuo","vAcoR\nunrraaio","vAboR ToTnt\ncousuuloo",null,"vAioR ToTAL\nExtsrENC€A FTIgAL"]
["ACE CIELO AZUL","LI8RA",null,100,null,941,null,6,{"v":30,"d":"$30.00"},{"v":180,"d":"$ 180.00"},null,"S",{"v":2820,"d":"2,820.00"}]
["JABON DE FREGAR","UNIDAD",null,21,null,"t               201",null,1,{"v":575,"d":"575.00"},{"v":75,"d":"$ 75.00"},null,"$          1.500.00"]
["BRILLO INOXIDABLE","UNIDAD",null,77,null,"|               75",null,2,"S12.00",{"v":24,"d":"$ 24.00"},null,5,{"v":900,"d":"900.00"}]
["BRILLO VERDE","UNIDAD",null,55,null,"t               53)",null,2,{"v":515,"d":"515.00"},{"v":30,"d":"$ 30.00"},null,"S",{"v":795,"d":"795.00"}]
["ESCOBAS","UNIDAD",null,14,"14)",{"$nulls":3},{"v":175,"d":"$175.00"},"$                 -",null,{"v":2450,"d":"$ 2,450.00"}]
["SUAPE","UNIDAD",null,15,"15t",{"$nulls":3},{"v":5175,"d":"5175.00"},"$                 -",null,"S",{"v":2625,"d":"2,625.00"}]
["PAPEL DE BA 'JO","UNIDAD",null,331,null,"0)             323)",null,8,"SIM.00",5,{"v":120,"d":"120."},"S",{"v":4845,"d":"4,845.00"}]
["PAPEL OE ALUMINIO","UNIDAD",null,16," 15)                     1",{"$nulls":3},{"v":100,"d":"$100.00"},{"v":100,"d":"$ 100.00"},null,"S",{"v":1500,"d":"1,500.00"}]
["FUNDA AZUL","PAQ1/100",null,"S1",null,"0|               47)",null,4,{"v":180,"d":"$180.00"},{"v":720,"d":"$ 720.00"},null,"S",{"v":8460,"d":"8,460.00"}]
["FUNDANEGRA  PEQ","PAQ1/100",null,"S",null,"4)",null,1,"$50.00","S",{"v":50,"d":"50.00"},"S",{"v":200,"d":"200.00"}]
["FUNDA NEGRA GRANDE","PAQ1/1ŁKI",null,20,null,")               19/",null,1,{"v":180,"d":"$180.00"},{"v":180,"d":"$ 180.00"},null,"S",{"v":3420,"d":"3,420.00"}]
["GUANTES DE GOMAS par","UNIDAD",null,1,null,"9)                 9)",null,1,{"v":265,"d":"$265.00"},{"v":265,"d":"$ 265.00"},null,{"v":2385,"d":"$ 2,385.00"}]
["JABON CANDADO","UNIDAD",null,115,null,"113t",null,2,{"v":10,"d":"$10.00"},{"v":20,"d":"$ 20.00"},null,{"v":1130,"d":"$ 1,130.00"}]
["CLORO CLOROX","GALONES",null,68,null,{"v":-48,"d":"(48)"},null,20,{"v":100,"d":"$100.00"},"$        2,0£XK0ŁI",null,"$          4,800.OBI"]
["MISTOLIN","GALONES",null,180,null,"t             170)",null,10,{"v":100,"d":"$100.00"},"$       1,000.oo",null,"S",{"v":17000,"d":"17,000.00"}]
["LIMPIA CRISTAL","UNIDAD125ML",null,14,null,"t               13(",null,1,{"v":100,"d":"$100.00"},"$           100.oo",null,"S",{"v":1300,"d":"1,300.00"}]
["ESCOBILLA DE BAÑO","UNIDAD",null,6,"                             6)",{"$nulls":3},{"v":75,"d":"$75.00"},"$",null,{"v":450,"d":"$ 450.00"}]
["FUNOA ROJAS","PAQ1/100",null,60,null,"0t               59t",null,1,{"v":410,"d":"$410.00"},"$           410.fKI",null,{"v":24190,"d":"$ 24,190.00"}]
["PAPEL DISPENSADOL REDONDO","UNIDAD",null,"S6",null,"0/               55)",null,1,{"v":163,"d":"$163.00"},{"v":163,"d":"$ 163.00"},null,{"v":8965,"d":"$ 8,965.00"}]
["ARISOLIN","UNIDAD",null,16,null,"15t",null,1,{"v":165,"d":"$165.00"},{"v":165,"d":"$ 165.00"},null,"S",{"v":2475,"d":"2,475.00"}]
["JABON LIQUIDO","GALONES",null,16,1,{"$nulls":3},{"v":324,"d":"$324.00"},{"v":324,"d":"$ 324.00"},null,"S",{"v":4860,"d":"4,860.00"}]
["AMBIENTADOR","UNIDAD",null,3,null,")                 2t",null,1,{"v":300,"d":"$300.00"},"S","J00.00","S",{"v":600,"d":"600.00"}]
["ZAFACON ROJO","UNIDAD",null,3,")                 3)",{"$nulls":3},{"v":5925,"d":"5925.00"},"$",null,{"v":2775,"d":"$ 2,775.00"}]
["¿AFACON PEQ","UNIDAD",null,3,"t                 3/",{"$nulls":3},{"v":175,"d":"$175.00"},"$",null,{"v":525,"d":"$ 525.00"}]
["PAPEL DISPENSADOL CIRCULO","UNIDAD",null,26,"23)                     3",{"$nulls":3},{"v":95,"d":"$95.00"},{"v":285,"d":"$ 285.00"},null,{"v":2185,"d":"$ 2,185.00"}]
["ENCARGADA  DE DESPENSA",{"$nulls":5},"Valor Consumldo •   $           6,511.00\nValor Total Mst. Final -    5      103,155.00"]

{"sheet":"Table 2","index":1,"n_rows":70,"n_cols":11,"rows_kept":70,"merged":[[0,1,0,3],[0,4,0,11],[2,0,2,1],[2,3,2,4],[3,0,3,1],[3,3,3,4],[4,0,4,1],[4,3,4,4],[5,0,5,1],[5,3,5,4],[6,0,6,1],[6,3,6,4],[7,0,7,1],[7,3,7,4],[8,0,8,1],[8,3,8,4],[9,0,9,1],[9,3,9,4],[10,0,10,1],[10,3,10,4],[11,0,11,1],[11,3,11,4],[12,0,12,1],[12,3,12,4],[13,0,13,1],[13,3,13,4],[14,0,14,1],[14,3,14,4],[15,0,15,1],[15,3,15,4],[16,0,16,1],[16,3,16,4],[17,0,17,1],[17,3,17,4],[18,0,18,1],[18,3,18,4],[19,0,19,1],[19,3,19,4],[20,0,20,1],[20,3,20,4],[21,0,21,1],[21,3,21,4],[22,0,22,1],[22,3,22,4],[23,0,23,1],[23,3,23,4],[24,0,24,1],[24,3,24,4],[25,0,25,1],[25,3,25,4],[26,0,26,1],[26,3,26,4],[27,0,27,1],[27,3,27,4],[28,0,28,1],[28,3,28,4],[29,0,29,1],[29,3,29,4],[30,0,30,1],[30,3,30,4],[31,0,31,1],[31,3,31,4],[32,0,32,1],[32,3,32,4],[33,0,33,1],[33,3,33,4],[34,0,34,1],[34,3,34,4],[35,0,35,1],[35,3,35,4],[36,0,36,1],[36,3,36,4],[37,0,37,1],[37,3,37,4],[38,0,38,1],[38,3,38,4],[39,0,39,1],[39,3,39,4],[40,0,40,1],[40,3,40,4],[41,0,41,1],[41,3,41,4],[42,0,42,1],[42,3,42,4],[43,0,43,1],[43,3,43,4],[44,0,44,1],[44,3,44,4],[45,0,45,1],[45,3,45,4],[46,0,46,1],[46,3,46,4],[47,0,47,1],[47,3,47,4],[48,0,48,1],[48,3,48,4],[49,0,49,1],[49,3,49,4],[50,0,50,1],[50,3,50,4],[51,0,51,1],[51,3,51,4],[52,0,52,1],[52,3,52,4],[53,0,53,1],[53,3,53,4],[54,0,54,1],[54,3,54,4],[55,0,55,1],[55,3,55,4],[56,0,56,1],[56,3,56,4],[57,0,57,1],[57,3,57,4],[58,0,58,1],[58,3,58,4],[59,0,59,1],[59,3,59,4],[60,0,60,1],[60,3,60,4],[61,0,61,1],[61,3,61,4],[62,0,62,1],[62,3,62,4],[63,0,63,1],[63,3,63,4],[64,0,64,1],[64,3,64,4],[65,0,65,1],[65,3,65,4],[66,0,66,1],[66,3,66,4],[67,0,67,1],[67,3,67,4],[68,0,68,1],[68,3,68,4],[69,0,69,11]]}
["HOSPITAL  HONDO VALLE ALMACEN DE ALIMENTOS\nMES DE OCTUBRE","ANO 2025",null,null,"”    INFORME MENSUAL"]
[]
["BIEN",null,"UNIDAD DE\nMEDIDA","EXISTENCIA\nANTERIOR",null,null,"EXISTENCIA\nFINAL","TOTAL\nCONSUMO","VALOR\nUNITARIO","VALOR TOTAL\nCONSUMIDO","VALOR TOTAL\nEXISTENCIA FINAL"]
["ACEITE DIAMNTE",null,"GALONE",28,null,0,26,2,{"v":375,"d":"$ 375.00"},{"v":750,"d":"750.00"},{"v":9750,"d":"9,750.00"}]
["ARROZ, LIBRA",null,"LIBRA",475,null,0,350.5,124.5,"Ș28.00",{"v":3486,"d":"3,486.00"},{"v":9814,"d":"9,814.00"}]
["AVENA QUAKER",null,"UNIDAD",16,null,null,14,4,"Ș9O.00",{"v":360,"d":"360.00"},{"v":1260,"d":"1,260.00"}]
["GUANDULES VERDES",null,"UNIDAD",49,null,null,39,10,{"v":50,"d":"$50.00"},{"v":500,"d":"500.00"},{"v":1950,"d":"1,950.00"}]
["AZUCAR CREMA",null,"LIBRA",165,null,null,100,"6s","Ș38.88",{"v":2527.2,"d":"2,527.20"},{"v":3888,"d":"3,888.00"}]
["BACALAO",null,"LIBRA",10,null,null,5,"S",{"v":220,"d":"$220.00"},{"v":1100,"d":"1,100.00"},{"v":1100,"d":"1,100.00"}]
["LAFi- 1 INIU",null,">U6N","b5J",null,null,"6b4","lbd",">l8UU","J, 4.UU","11,5d OU"]
["CANELA ,LIBRA",null,"LIBRA","S",null,0,3.5,1.5,{"v":100,"d":"$100.00"},{"v":150,"d":"150.00"},{"v":350,"d":"350.00"}]
["LONGANlZA,LIBhA",null,"LIBhA",20,null,0,20,null,"Ș100.00",null,{"v":2000,"d":"2,000.00"}]
["CARNATION LECHE",null,"UNIDAD",131,null,0,46,85,{"v":71.25,"d":"$71.25"},{"v":6056.25,"d":"6,056.25"},{"v":3277.5,"d":"3,277.50"}]
["LECHE DE COCO",null,"UNIDAD",61,null,0,51,10,"Ș80.00",{"v":800,"d":"800.00"},{"v":4080,"d":"4,080.00"}]
["CARNE DE RES,LIBRA",null,"LIBRA",80,null,0,38,42,{"v":205,"d":"$205.00"},{"v":8610,"d":"8,610.00"},{"v":7790,"d":"7,790.00"}]
["CEBOLLA,LIBRA",null,"LIBRA",80,null,0,70,10,{"v":60,"d":"$60.00"},{"v":600,"d":"600.00"},{"v":4200,"d":"4,200.00"}]
["CARNE DE CERDO,LB",null,"LIBRA",80,null,0,43,37,{"v":160,"d":"$160.00"},{"v":5920,"d":"5,920.00"},{"v":6880,"d":"6,880.00"}]
["CHOCOLATE  TABLETA",null,"UNIDAD",180,null,null,127,"S3","Ș10.00",{"v":530,"d":"530.00"},"1,270.U0"]
["LNULL IA,LIDBA",null,"LIBhA","4U",null,"U","¥/.5",12.5,"Ș14S.UU","1,512.5U","J,8V/.50"]
["LUUIFO5,LiBHA",null,"LIBBA",0,null,null,0,null,"Ș4O.00"]
["FIDEOS,LIBRA",null,"LIBRA",0,null,null,0,null,"Ș40.00"]
["GALLETAS HATUt-Y",null,"UNIDAD",432,null,null,"Z91",141,"Ș10.00","1,410.OU",{"v":2910,"d":"2,910.00"}]
["GUANDULES CON COCO",null,"UNIDAD",124,null,0,115,9,{"v":95,"d":"$95.00"},{"v":855,"d":"855.00"},{"v":10925,"d":"10,925.00"}]
["HABICHUELAS JIRAS",null,"LIBRA",200,null,0,190,10,{"v":46.24,"d":"$46.24"},{"v":462.4,"d":"462.40"},{"v":8785.6,"d":"8,785.60"}]
["HARINA MAZORCA",null,"UNIDAD",15,null,0,7,8,"Ș35.00",{"v":280,"d":"280.00"},{"v":245,"d":"245.00"}]
["MAIZ DULCE",null,"UNIDAD",82,null,null,77,5,"Ș85.41",427.05,{"v":6576.57,"d":"6,576.57"}]
["JAMON",null,"LIBRA",20,null,0,5.5,14.5,{"v":180,"d":"$180.00"},{"v":2610,"d":"2,610.00"},{"v":990,"d":"990.00"}]
["AJO",null,"LIBRA",45,null,null,"31.s",11.5,"Ș150.00",{"v":1725,"d":"1,725.00"},"4,725.0U"]
["AJI CUBANELA",null,"LIBRA","Z0",null,0,5,15,{"v":540,"d":"540.00"},{"v":600,"d":"600.00"},{"v":200,"d":"200.00"}]
["TOMATE BUGALU",null,"LIBRA",1,null,null,0,1,{"v":50,"d":"$50.00"},"S0.00"]
["TOMATE DE ENSALADA",null,"LIBRA",0,null,null,0,null,"Ș70.00"]
["r’I-F’iñlU",null,"LIDK",3,null,null,"U","»","3U.UU","z3U.UU"]
["ZANAHORIA",null,"LIBRA",10,null,null,0,10,{"v":60,"d":"$60.00"},{"v":600,"d":"600.00"}]
["LLLI-tUNA",null,"LIDRA","U",null,null,"U",null,"Ș /5.UU"]
["TAYOTA",null,"LIBRA",5,null,null,0,5,{"v":40,"d":"$40.00"},{"v":200,"d":"200.00"}]
["REPOLLO",null,"UNIDAD",5,null,null,3,2,{"v":537.5,"d":"537.50"},{"v":75,"d":"75.00"},{"v":112.5,"d":"112.50"}]
["BERENJENA",null,"LIBRA",20,null,0,5,15,{"v":40,"d":"$40.00"},"6€I€L00",{"v":200,"d":"200.00"}]
["YUCA , LIBRA",null,"LIBRA",15,null,0,5,10,{"v":25,"d":"$25.00"},{"v":250,"d":"250.00"},{"v":125,"d":"125.00"}]
["HAUYAMA",null,"LIBRA",20,null,null,"1u","1U","Ș40.LIU","400.UU","40U.txJ"]
["VASO PLASTICO 5",null,"PAQUETE",175,null,null,166,9,{"v":56,"d":"$56.00"},{"v":504,"d":"504.00"},{"v":9296,"d":"9,296.00"}]
["ALA IU    PLAC I ILU",null,"uNiuAU",{"$nulls":3},"o/4","Zb","Șd./U","zZb.ZU","4,V5J.OU"]
["TENEDOR PLASTICO",null,"PAQUETE",52,null,null,49,3,536.41,109.23,{"v":1784.09,"d":"1,784.09"}]
["TOALLA DL COCINA",null,"ONWDAU",12,null,null,"1U",2,"Ș65.UtJ","17U.UU","850.0tJ"]
["C.UCHILLO UL COCINA",null,"UNIDAU",2,null,null,"z",1,"Ș1/3.UU","1/5.UU","l/0.UU"]
["CUCHARA PLASTICA",null,"PAQUETE",24,null,null,22,2,{"v":36.41,"d":"$36.41"},72.82,80102]
["VASO PLASTILO 10",null,"PAQUETE",176,null,null,168,8,{"v":570,"d":"570.00"},{"v":560,"d":"560.00"},"ll,7b0.00"]
["VASO PLASTICO 7",null,"PAQUETE",130,null,0,113,17,{"v":70,"d":"$70.00"},{"v":1190,"d":"1,190.00"},{"v":7910,"d":"7,910.00"}]
["MALTA INDIA",null,"UNIDAD",130,null,0,29,101,"Ș30.50",{"v":3080.5,"d":"3,080.50"},{"v":884.5,"d":"884.50"}]
["I-U'>FUrtU",null,"UNIUAU","5b7",null,null,"5bU","/","Ș5.UU","d5.UU","2,VUU.UU"]
["SERVILLETAS PROMETE",null,"PAQUETE",13,null,null,20,3,"VINO",null,"W,800.00"]
["PASTA DE TOMATE",null,"UNIDAD",13,null,null,11,2,{"v":185,"d":"$185.00"},{"v":370,"d":"370.00"},{"v":2035,"d":"2,035.00"}]
["PAPA",null,"LJBRA",{"$nulls":3},"y",83,"SS   0o",",555.o0","T,O35.D0"]
["QUESO AMARILLO",null,"LlBkA",10,null,0,6,4,"Ș2uU.oO","1,12o.Uo",{"v":1680,"d":"1,680.00"}]
["SAL MOLIUA LtBhA",null,"LIBRA",42,null,null,"d4",6,"Ș15.UU","1ZU.UU","b10.00"]
["SALAMI INDUVECA",null,"LIBRA",0,null,null,0,null,"Ș150.00"]
["SOPITA",null,"UNIDAD",523,null,0,418,"10s","S10.00","1,0S0.00","4,180.MXI"]
["SPAGUETTIV",null,"LIBRA",37,null,0,34,3,"S40.00",{"v":120,"d":"120.00"},{"v":1360,"d":"1,360.00"}]
["VINALhL",null,"ARE",19,null,"u",17,2,"Ș150.00",{"v":300,"d":"300.00"},{"v":2550,"d":"2,550.00"}]
["CHENCHEN",null,"LIBRA",30,null,null,0,30,"Ș35.00",{"v":1050,"d":"1,050.00"}]
["i ftILU",null,"LIBRA",{"$nulls":3},26,4,"Ș55.U0","Z2O.UU","1,4JU.UU"]
["MAYONESA",null,"LIBRA",10,null,"U",9,1,"5100.0o",{"v":100,"d":"100.00"},{"v":900,"d":"900.00"}]
["JULU PARA LA MERIENDA",null,"UNIDAD",323,null,0,272,51,"Ș2s.O0",{"v":1275,"d":"1,275.00"},"b,5UO.00"]
["ATUN EN TROZO",null,"UNIDAD",107,null,0,96,11,"$9s.00","1,04s.00",{"v":9120,"d":"9,120.00"}]
["QUESO BLANCO",null,"LIDItA",20,null,"U",15,"S","s200.00",{"v":1000,"d":"1,000.00"},"3,000.utJ"]
["LECHE LISTAMILK",null,"LITRO",48,null,0,46,2,"Ș85.58",171.16,{"v":3936.68,"d":"3,936.68"}]
["MAN  fEQUILLA",null,"LiBRA",18.3,null,0,11,7.3,"Ș70.00",{"v":511,"d":"511.00"},{"v":770,"d":"770.00"}]
["MAIZENA",null,"UNIDAD",10,null,0,8,3,{"v":100,"d":"$100.00"},{"v":200,"d":"200.00"},{"v":800,"d":"800.00"}]
["HUEVO",null,"UNIDAD",120,null,null,30,90,"Ș200.00",{"v":18000,"d":"18,000.00"},{"v":6000,"d":"6,000.00"}]
["FUNDA DE PAN",null,"FUNDA",13,null,null,10,3,{"v":50,"d":"$50.00"},{"v":150,"d":"150.00"},"S00.00"]
["Valor Consumldo =     $          85,290.31\nValor Total Exist. Final =    $        201,404.76"]